| 000 | 00552cam a2200181 i 4500 | ||
|---|---|---|---|
| 005 | 20260223134823.0 | ||
| 008 | 250721s2009 jo gr 000 0 eng d | ||
| 082 | 1 | 4 |
_a628.13956543 _bM U H |
| 100 | 1 |
_aal-muheisen, zeidoun _eauthor. |
|
| 245 | 1 | 4 |
_athe water engineeing and irrigation system of the nabataeans / _cZeidoun AL Muheisen. |
| 264 | 3 | 1 |
_ajordan : _byarmouk university, _c2009. |
| 300 | _a203Pages. | ||
| 650 | 1 | 7 | _aWater Engineering. |
| 650 | 1 | 7 | _aJordan. |
| 653 | _aNabataeans | ||
| 942 |
_2ddc _cBK |
||
| 999 |
_c120758 _d120758 |
||